Minecraft Items: Pottery Sherds - Statistics

General Stats
  • This quiz has been taken 14 times
  • The average score is 11 of 23
Answer Stats
Answer % Correct
Flow
100%
Friend
100%
Arms Up
75%
Blade
75%
Guster
75%
Brewer
50%
Burn
50%
Explorer
50%
Heart
50%
Heartbreak
50%
Howl
50%
Miner
50%
Plenty
50%
Prize
50%
Skull
50%
Snort
50%
Angler
25%
Archer
25%
Mourner
25%
Scrape
25%
Sheaf
25%
Shelter
25%
Danger
0%
No matching quizzes found
Score Distribution
Percent of People with Each Score
Percentile by Number Answered
Your Score History
You have not taken this quiz